Statistics for Lord of the Rings - Quotes

Click here to take the quiz!

General Stats

  • This quiz has been taken 227 times
  • The average score is 22 of 43

Answer Stats

QuoteCharacter% Correct
"I will be dead before I see the Ring in the hands of an Elf!"Gimli
88%
"Everywhere I lie there's a dirty great root sticking into my back."Sam
82%
"Frodo, the Argonath! Long have I desired to look upon the kings of old. My kin."Aragorn
80%
"The man who can wield the power of this sword can summon to him an army more deadly than any that walks this earth. Put aside the ranger. Become who you were born to be."Elrond
73%
"No! There is another way. More secret, and dark way."Gollum
69%
"Arise! Arise! Riders of Théoden! Spears shall be shaken, shields shall be splintered! A sword-day! A red day, ere the sun rises!"Theoden
69%
"Side? I am on nobody's side. Because nobody is on my side, little orc."Treebeard
69%
"So much death. What can men do against such reckless hate?"Theoden
68%
"The Ring is mine!"Frodo
66%
"Hunt them down! Do not stop until they are found. You do not know pain, you do not know fear. You will taste man-flesh!"Saruman
66%
"Courage is the best defense that you have now."Gandalf
65%
"Authority is not given to you to deny the return of the King!"Gandalf
62%
"Needless were none of the deeds of Gandalf in life. We do not yet know his whole purpose."Galadriel
59%
"You young rascals! A merry chase you've led us on, and now we find you feasting and… and smoking!"Gimli
56%
"Why do you lay these troubles on an already troubled mind?"Grima
56%
"Leave it! It is over. The world of men will fall, and all will come to darkness… and my city to ruin."Boromir
55%
"Release him, or I'll cut your throat!"Frodo
55%
"I have nothing greater to give, than the gift you already bear. Am meleth dîn. I ant e-guil Arwen Undómiel…pelitha."Galadriel
55%
"A diversion."Legolas
55%
"The filth of Saruman is washing away. Trees will come back to live here. Young trees, wild trees."Treebeard
54%
"I've thought up an ending for my book...and he lived happily ever after, to the end of his days."Bilbo
50%
"And when they go in, there's no coming out. She's always hungry. She always needs to feed."Gollum
50%
"...a mug of ale in my hand, putting my feet up on a settle after a hard day's work."Pippin
50%
"Alas, that these evil days should be mine. The young perish and the old linger."Theoden
50%
"There are some things that time cannot mend. Some hurts that go too deep… that have taken hold."Frodo
49%
"There is no curse in elvish, entish or the tongues of men for this treachery."Treebeard
49%
"The time of the elves is over. Do we leave Middle-Earth to this fate? Do we let them stand alone?"Galadriel
45%
"You do not command the others to stay! They fight beside you because they would not be parted from you. Because they love you."Eowyn
43%
"End? No, the journey doesn't end here. Death is just another path. One that we all must take."Gandalf
43%
"Don't you understand? The enemy thinks you have the Ring! He's going to be looking for you."Merry
43%
"There will be no dawn for Men."Saruman
43%
"My friends! You bow to no one."Aragorn
41%
"Don't leave me here alone! Don't go where I can't follow."Sam
39%
"Have you learned nothing of the stubbornness of dwarves?"Legolas
35%
"I know there is not much point now in hoping. If I were a knight of Rohan capable of great deeds… but I'm not."Merry
35%
"It is a strange fate we should suffer so much fear and doubt… over so small a thing. Such a little thing."Boromir
34%
"With your left hand you would use me as a shield against Mordor. And, with your right, you seek to supplant me!"Denethor
34%
"And yet to have come so far, still bearing the Ring, the hobbit has shown extraordinary resilience to its evil"Elrond
33%
"Looks like meat's back on the menu, boys!"Ugluk
29%
"Let us ease their pain. Release the prisoners!"Gothmog
20%
"Who would've thought one so small could endure so much pain? And he did, Gandalf. He did."Mouth of Sauron
20%
"War will make corpses of us all."Faramir
17%
"Hands off that shiny shirt! That's mine!"Shagrat
15%

Score Distribution

Percentile by Number Answered

Percent of People with Each Score

Your Score History

You have not taken this quiz